[Event "Malaga-ch"]
[Site "Malaga"]
[Date "2012.01.22"]
[Round "5"]
[White "Sanchez Ruiz Canela, Adrian"]
[Black "Gutierrez Curras, Daniel"]
[Result "0-1"]
[WhiteElo "1904"]
[BlackElo "2070"]
[PlyCount "118"]
[EventDate "2012.01.14"]
[EventType "swiss"]
[EventRounds "9"]
[EventCountry "ESP"]
[SourceTitle "CBM 146 Extra"]
[Source "ChessBase"]
[SourceDate "2012.02.29"]
[SourceVersion "1"]
[SourceVersionDate "2012.02.29"]
[SourceQuality "1"]

1. c4 c5 2. Nc3 Nc6 3. Nf3 e5 4. d3 g6 5. g3 Bg7 6. Bg2 Nge7 7. 0-0 d6 8. a3 a5 9. Nd2 0-0 10. Nb5 f5 11. e3 Be6 12. f4 d5 13. Rb1 Qd7 14. Nb3 b6 15. Qe2 dxc4 16. dxc4 Rad8 17. Nd2 e4 18. b3 Qd3 19. Qe1 Kh8 20. Rf2 Ng8 21. Bf1 Qd7 22. Bb2 Nf6 23. h3 Qe7 24. Qc1 Rd7 25. Qc2 Rfd8 26. Rd1 h5 27. Bc3 Bf7 28. Rb1 Kh7 29. Rb2 h4 30. gxh4 Nh5 31. Bxg7 Nxg7 32. Rg2 Qxh4 33. Nxe4 fxe4 34. Qxe4 Ne7 35. Rg4 Qf6 36. Rbg2 Nef5 37. Re2 Nh5 38. Qf3 Rd3 39. Qf2 Rxb3 40. e4 Nd4 41. e5 Nxe2+ 42. Bxe2 Qf5 43. Nd6 Rb1+ 44. Kh2 Rxd6 45. exd6 Rb3 46. Rh4 Be6 47. Bg4 Qf6 48. Bxe6 Qxe6 49. Rxh5+ gxh5 50. Qc2+ Kh6 51. Qxb3 Qxd6 52. Qe3 Kg6 53. Qe4+ Kf6 54. Kg3 Qd4 55. Qe5+ Qxe5 56. fxe5+ Kxe5 57. Kh4 b5 58. cxb5 c4 59. b6 Kd6 0-1

[Event "Malaga-ch"]
[Site "Malaga"]
[Date "2012.01.14"]
[Round "1"]
[White "Dominguez Garcia, Francisco"]
[Black "Sanchez Ruiz Canela, Adrian"]
[Result "0-1"]
[WhiteElo "1953"]
[BlackElo "1904"]
[PlyCount "62"]
[EventDate "2012.01.14"]
[EventType "swiss"]
[EventRounds "9"]
[EventCountry "ESP"]
[SourceTitle "CBM 146 Extra"]
[Source "ChessBase"]
[SourceDate "2012.02.29"]
[SourceVersion "1"]
[SourceVersionDate "2012.02.29"]
[SourceQuality "1"]

1. e4 e6 2. Nc3 Nc6 3. f4 Bc5 4. Nf3 Nf6 5. d4 Bb4 6. Bd3 d5 7. e5 Ne4 8. Bd2 Nxd2 9. Qxd2 Ne7 10. a3 Ba5 11. b4 Bb6 12. Na4 Bd7 13. Nxb6 axb6 14. g4 h5 15. gxh5 Rxh5 16. Ng5 c5 17. dxc5 bxc5 18. bxc5 Qc7 19. Qe2 Rh4 20. Qf2 Rh5 21. Qe3 Qa5+ 22. Kf2 d4 23. Qe2 Rxg5 24. fxg5 Qxc5 25. Rhb1 Bc6 26. Bb5 d3+ 27. Qe3 Qxc2+ 28. Ke1 Bxb5 29. Rxb5 Qc3+ 30. Kf2 Qxa1 31. Qxd3 Rd8 0-1